Developments in science and technology / (Record no. 74714)

MARC details
000 -LEADER
fixed length control field 00866nam a22002657a 4500
005 - DATE AND TIME OF LATEST TRANSACTION
control field 20140811115448.0
010 ## - LCCN (DPL NO)
LC control number ENG-110382
020 ## - INTERNATIONAL STANDARD BOOK NUMBER
International Standard Book Number 9788179304525
Terms of availability 355.00
020 ## - INTERNATIONAL STANDARD BOOK NUMBER
International Standard Book Number 8179304523
Terms of availability 355.00
035 ## - SYSTEM CONTROL NUMBER
System control number B-497066-081
035 ## - SYSTEM CONTROL NUMBER
System control number EN-93914
037 ## - SOURCE OF ACQUISITION
Source of stock number/acquisition UBH/Ven
037 ## - SOURCE OF ACQUISITION
Source of stock number/acquisition DBAD/PUB
082 ## - DEWEY DECIMAL CLASSIFICATION NUMBER
Classification number 509.54
245 ## - TITLE STATEMENT
Title Developments in science and technology /
Statement of responsibility, etc edited by Kalpana Rajaram [and] R.K. Suri
250 ## - EDITION STATEMENT
Edition statement rev. & enl. ed
260 ## - PUBLICATION, DISTRIBUTION, ETC. (IMPRINT)
Place of publication, distribution, etc New Delhi
Name of publisher, distributor, etc Spectrum Books
Date of publication, distribution, etc c2012
270 ## - ADDRESS
Address 102-103, 1st Floor, TC Jaina Tower -3,A-1, Janakpuri
City New Delhi
Postal code 110058
300 ## - PHYSICAL DESCRIPTION
Extent xvi, 854p.
Dimensions 23cm(pbk)
500 ## - GENERAL NOTE
General note Includes index
700 ## - ADDED ENTRY--PERSONAL NAME
Personal name Kalpana Rajaram
700 ## - ADDED ENTRY--PERSONAL NAME
Personal name Suri,R.K.
942 ## - ADDED ENTRY ELEMENTS (KOHA)
Source of classification or shelving scheme Dewey Decimal Classification
Item type English Books
Call number suffix DEV
Classification part 509.54
Holdings
Withdrawn status Lost status Not for loan Collection code Home library Current library Date acquired Source of acquisition Cost, normal purchase price Full call number Barcode Copy number Cost, replacement price Koha item type Public note
      Non-fiction Bagh Kadhe Khan Bagh Kadhe Khan 24/05/2013 UBH/272/11.03.2013/180/08.03.2013/15.03.2013 355.00 509.54 RAJ B-497078 1 355.00 English Books  
      Non-fiction Central Jail Tihar Central Jail Tihar 24/05/2013 UBH/272/11.03.2013/180/08.03.2013/15.03.2013 355.00 509.54 RAJ B-497071 1 355.00 English Books  
  Written-off vide DLB M. No. 383 dt 16.05.19   Non-fiction Central Library Central Library 24/05/2013 UBH/272/11.03.2013/180/08.03.2013/15.03.2013 355.00 509.54 RAJ B-497066 1 355.00 English Books  
    Not For Loan Non-fiction D.B.Act.Division D.B.Act.Division 03/07/2014 DBAD/PUB 355.00 509.54 DEV EN-93914 1 355.00 English Books  
      Non-fiction Diz Area Diz Area 24/05/2013 UBH/272/11.03.2013/180/08.03.2013/15.03.2013 355.00 509.54 RAJ B-497072 1 355.00 English Books  
      Non-fiction Janak Puri Janak Puri 24/05/2013 UBH/272/11.03.2013/180/08.03.2013/15.03.2013 355.00 509.54 RAJ B-497074 1 355.00 English Books  
      Non-fiction Karol Bagh Karol Bagh 24/05/2013 UBH/272/11.03.2013/180/08.03.2013/15.03.2013 355.00 509.54 RAJ B-497076 1 355.00 English Books  
      Non-fiction Kasturba Gandhi Marg Kasturba Gandhi Marg 24/05/2013 UBH/272/11.03.2013/180/08.03.2013/15.03.2013 355.00 509.54 RAJ B-497068 1 355.00 English Books  
Written off     Non-fiction Narela Narela 24/05/2013 UBH/272/11.03.2013/180/08.03.2013/15.03.2013 355.00 509.54 RAJ B-497079 1 355.00 English Books Written off on approval by DLB (By Circulation); dtd 20.12.2022
  Written-off vide DLB M. No. 383 dt 16.05.19   Non-fiction New Rajendra Nagar New Rajendra Nagar 24/05/2013 UBH/272/11.03.2013/180/08.03.2013/15.03.2013 355.00 509.54 RAJ B-497073 1 355.00 English Books  
  Written-off vide DLB M. No. 383 dt 16.05.19   Non-fiction New Rohtak Road New Rohtak Road 24/05/2013 UBH/272/11.03.2013/180/08.03.2013/15.03.2013 355.00 509.54 RAJ B-497077 1 355.00 English Books  
  Written-off vide DLB M. No. 383 dt 16.05.19   Non-fiction Patel Nagar Patel Nagar 24/05/2013 UBH/272/11.03.2013/180/08.03.2013/15.03.2013 355.00 509.54 RAJ B-497067 1 355.00 English Books  
      Non-fiction Peshwa Road Peshwa Road 24/05/2013 UBH/272/11.03.2013/180/08.03.2013/15.03.2013 355.00 509.54 RAJ B-497069 1 355.00 English Books  
      Non-fiction Sarojini Nagar Sarojini Nagar 24/05/2013 UBH/272/11.03.2013/180/08.03.2013/15.03.2013 355.00 509.54 RAJ B-497075 1 355.00 English Books  
      Non-fiction Shahdara Branch Shahdara Branch 24/05/2013 UBH/272/11.03.2013/180/08.03.2013/15.03.2013 355.00 509.54 RAJ B-497080 1 355.00 English Books  
      Non-fiction Tri Nagar Tri Nagar 24/05/2013 UBH/272/11.03.2013/180/08.03.2013/15.03.2013 355.00 509.54 RAJ B-497070 1 355.00 English Books  
      Non-fiction Yojana Vihar Yojana Vihar 24/05/2013 UBH/272/11.03.2013/180/08.03.2013/15.03.2013 355.00 509.54 RAJ B-497081 1 355.00 English Books  

© Delhi Public Library
Hit Counter
free hit counter